Normal view
MARC view
- سينو,سيرج تأليف/عبد الجليل برتو,هناء مترجم
Entry Personal Name
001 - CONTROL NUMBER
- control field: 12916
003 - CONTROL NUMBER IDENTIFIER
- control field: JO-AjAnu
005 - DATE AND TIME OF LATEST TRANSACTION
- control field: 20230606072352.0
008 - FIXED-LENGTH DATA ELEMENTS
- fixed length control field: 230606|| aca||aabn | a|a d
040 ## - CATALOGING SOURCE
- Original cataloging agency: JO-AjAnu
- Transcribing agency: JO-AjAnu
100 ## - HEADING--PERSONAL NAME
- Personal name: سينو,سيرج تأليف/عبد الجليل برتو,هناء مترجم
670 ## - SOURCE DATA FOUND
- Source citation: Work cat.: (JO-AjAnu)6647: سينو,سيرج تأليف/عبد الجليل برتو,هناء مترجم, author, المدخل في رسم الحرف